Countries that end in "an" - Statistics

General Stats
  • This quiz has been taken 66 times
  • The average score is 11 of 16
Answer Stats
Answer % Correct
Pakistan
92%
Afghanistan
89%
Turkmenistan
89%
Kazakhstan
87%
Kyrgyzstan
87%
Uzbekistan
81%
Iran
73%
Japan
73%
Bhutan
66%
Azerbaijan
61%
Oman
61%
Jordan
56%
Sudan
56%
South Sudan
55%
Taiwan
53%
Tajikstan
23%
No matching quizzes found
Score Distribution
Percent of People with Each Score
Percentile by Number Answered
Your Score History
You have not taken this quiz